| 000 | 00735cad a22001935a 4500 | ||
|---|---|---|---|
| 001 | L139952 | ||
| 008 | 070822s2006 xxk g 000 0 eng d | ||
| 035 | _a(Sirsi) u139952 | ||
| 041 | 0 | _aeng | |
| 050 | 0 | 4 | _a690.2 $2 18 |
| 110 | 2 |
_aRoyal Institution of Chartered Surveyors _bBuilding Surveying Faculty _94830 |
|
| 245 | 0 | 0 | _aWhy become a chartered building surveyor? |
| 260 |
_aLondon _bRICS _c2006 |
||
| 500 | _ano physical copy available | ||
| 520 | _aThis short leaflet highlights the benefits of a career as a chartered building surveyor. Includes brief salary information for building surveyors in the UK. | ||
| 651 | 4 | _aInternational | |
| 690 | _aBUILT ENVIRONMENT-BUILDING SURVEYING-BUILDING SURVEYORS | ||
| 942 |
_n0 _2ddc |
||
| 999 |
_c107382 _d107382 |
||